Napoleonic Wars Flags - Statistics

General Stats
  • This quiz has been taken 1,210 times
  • The average score is 17 of 26
Answer Stats
Picture Answer % Correct
United Kingdom
100%
Russia
99%
Prussia
98%
Austria
97%
France
92%
Spain
91%
Sweden
91%
Switzerland
89%
Netherlands
88%
Portugal
88%
Ottoman Empire
87%
Holy Roman Empire
85%
Liechtenstein
75%
Bavaria
74%
Sardinia
58%
Saxony
56%
Hanover
48%
Baden
45%
Wurttemberg
41%
Papal States
39%
Sicily
38%
Nassau
28%
Tuscany
26%
Brunswick
23%
Mamluks
22%
Montenegro
16%
No matching quizzes found
Score Distribution
Percent of People with Each Score
Percentile by Number Answered
Your Score History
You have not taken this quiz